|
|
|
|
| LEADER |
00743cam a2200217 7i4500 |
| 001 |
0000010719 |
| 005 |
20170218090000.0 |
| 020 |
|
|
|a 9781574441550
|
| 020 |
|
|
|a 1574441558 (hbk.)
|
| 090 |
0 |
0 |
|a HD2755.5
|b .J66 1998
|
| 100 |
1 |
|
|a Jonnard, Calude
|
| 245 |
1 |
0 |
|a International business and trade :
|b theory, practice, and policy
|c Claude M. Jonnard.
|
| 260 |
|
|
|a Boca Rotan:
|b St. Lucie Press,
|c 1998.
|
| 300 |
|
|
|a x, 294 p.;
|c 24 cm.
|
| 490 |
0 |
|
|a International business series
|
| 500 |
|
|
|a Includes index
|
| 650 |
0 |
0 |
|a International trade
|
| 650 |
0 |
0 |
|a International business enterprises
|
| 651 |
|
0 |
|a United States --
|x Commercial policy
|
| 997 |
|
|
|a Business & Accountancy, Faculty
|
| 999 |
|
|
|a 0000012778
|b BOK
|c OPEN SHELF
|e 1st Floor, Shah Alam
|